Financial performance indicator and share price movement. (Record no. 69078)
[ view plain ]
| 000 -LEADER | |
|---|---|
| fixed length control field | 00437 a2200145 4500 |
| 041 ## - LANGUAGE CODE | |
| Language code of text/sound track or separate title | Eng |
| 082 ## - DEWEY DECIMAL CLASSIFICATION NUMBER | |
| Classification number | CD7126 |
| 100 ## - MAIN ENTRY--PERSONAL NAME | |
| Personal name | Khanal, Santosh |
| 245 ## - TITLE STATEMENT | |
| Title | Financial performance indicator and share price movement. |
| 260 ## - PUBLICATION, DISTRIBUTION, ETC. (IMPRINT) | |
| Place of publication, distribution, etc | Kathmandu: |
| Date of publication, distribution, etc | 2011 |
| 502 ## - DISSERTATION NOTE | |
| Dissertation note | Dissertation |
| Degree type | Degree in Management |
| Name of granting institution | Shanker Dev Campus |
| 650 ## - SUBJECT ADDED ENTRY--TOPICAL TERM | |
| Topical term or geographic name as entry element | Financial management |
| -- | Shares |
| -- | Share holders |
| -- | Financial market |
| 653 ## - INDEX TERM--UNCONTROLLED | |
| Uncontrolled term | Management |
| 942 ## - ADDED ENTRY ELEMENTS (KOHA) | |
| Source of classification or shelving scheme | Dewey Decimal Classification |
| Koha item type | Audio Visual Materials |
| Withdrawn status | Lost status | Source of classification or shelving scheme | Damaged status | Not for loan | Home library | Current library | Date acquired | Total Checkouts | Full call number | Barcode | Date last seen | Price effective from | Koha item type |
|---|---|---|---|---|---|---|---|---|---|---|---|---|---|
| Dewey Decimal Classification | Tribhuvan University Central Library | Tribhuvan University Central Library | 03/26/2014 | CD7126 | A7074 | 03/26/2014 | 03/26/2014 | Audio Visual Materials |
